{"text_format":"3","workbook":"xlsx","n_sheets":2,"sheets":["Rekapitulácia stavby","09754-1 - Dom Smutku Hrče..."],"not_rendered":{"defined_names":5},"read":"whole","date_system":"1900"}

{"sheet":"Rekapitulácia stavby","index":0,"n_rows":95,"n_cols":90,"rows_kept":95,"hidden":true,"merged":[[1,43,1,56],[4,10,4,40],[5,10,5,40],[22,4,22,39],[25,36,25,40],[27,11,27,15],[27,22,27,30],[27,36,27,40],[28,11,28,15],[28,22,28,30],[28,36,28,40],[29,11,29,15],[29,22,29,30],[29,36,29,40],[30,11,30,15],[30,22,30,30],[30,36,30,40],[31,11,31,15],[31,22,31,30],[31,36,31,40],[32,11,32,15],[32,22,32,30],[32,36,32,40],[34,23,34,27],[34,36,34,40],[84,11,84,40],[86,38,86,39],[88,38,88,41],[88,44,90,45],[89,38,89,41],[91,2,91,6],[91,8,91,31],[91,32,91,38],[91,39,91,41],[93,32,93,38],[93,39,93,41],[94,3,94,7],[94,9,94,31],[94,32,94,38],[94,39,94,41]]}
["Export Komplet",{"$nulls":50},"","2.0","",{"$nulls":17},"False","False","{4e52ac7b-f9c8-4093-99d6-b93e2b7506a8}"]
[{"$nulls":43},">>  skryté stĺpce  <<",{"$nulls":26},"0,001","20"]
[{"$nulls":70},"0,001","20"]
[{"$nulls":3},"REKAPITULÁCIA STAVBY",{"$nulls":40},"v ---  nižšie sa nachádzajú doplnkové a pomocné údaje k zostavám  --- v",{"$nulls":25},"0,001"]
[{"$nulls":3},"Kód:",{"$nulls":6},"09754-1",{"$nulls":59},"0,001"]
[{"$nulls":3},"Stavba:",{"$nulls":6},"Dom Smutku Hrčeľ - stavebné úpravy",{"$nulls":59},"0,001"]
[{"$nulls":3},"JKSO:",{"$nulls":6},"",{"$nulls":25},"KS:",null,null,"",{"$nulls":30},"0,001"]
[{"$nulls":3},"Miesto:",{"$nulls":6},"Hrčeľ ",{"$nulls":25},"Dátum:",null,null,"3. 5. 2019",{"$nulls":30},"0,001"]
[{"$nulls":70},"0,001"]
[{"$nulls":3},"Objednávateľ:",{"$nulls":32},"IČO:",null,null,"",{"$nulls":30},"0,001"]
[{"$nulls":4},"Obec Hrčeľ ",{"$nulls":31},"IČ DPH:",null,null,"",{"$nulls":30},"0,001"]
[{"$nulls":70},"0,001"]
[{"$nulls":3},"Zhotoviteľ:",{"$nulls":32},"IČO:",null,null,"",{"$nulls":30},"0,001"]
[{"$nulls":4}," ",{"$nulls":31},"IČ DPH:",null,null,"",{"$nulls":30},"0,001"]
[{"$nulls":70},"False"]
[{"$nulls":3},"Projektant:",{"$nulls":32},"IČO:",null,null,"",{"$nulls":30},"False"]
[{"$nulls":4}," ",{"$nulls":31},"IČ DPH:",null,null,"",{"$nulls":30},"True"]
[{"$nulls":70},"0,01"]
[{"$nulls":3},"Spracovateľ:",{"$nulls":32},"IČO:",null,null,"",{"$nulls":30},"0,01"]
[{"$nulls":4}," ",{"$nulls":31},"IČ DPH:",null,null,"",{"$nulls":30},"True"]
[]
[{"$nulls":3},"Poznámka:"]
[{"$nulls":4},""]
[]
[]
[{"$nulls":3},"Cena bez DPH",{"$nulls":32},{"$f":"ROUND(AG94,2)","v":{"v":0,"d":"0.00"}}]
[]
[{"$nulls":11},"Sadzba dane",{"$nulls":10},"Základ dane",{"$nulls":13},"Výška dane"]
[{"$nulls":3},"DPH",null,"základná",{"$nulls":5},{"v":0.2,"d":"20.00%"},{"$nulls":10},{"$f":"ROUND(AZ94, 2)","v":{"v":0,"d":"0.00"}},{"$nulls":13},{"$f":"ROUND(AV94, 2)","v":{"v":0,"d":"0.00"}}]
[{"$nulls":5},"znížená",{"$nulls":5},{"v":0.2,"d":"20.00%"},{"$nulls":10},{"$f":"ROUND(BA94, 2)","v":{"v":0,"d":"0.00"}},{"$nulls":13},{"$f":"ROUND(AW94, 2)","v":{"v":0,"d":"0.00"}}]
[{"$nulls":5},"zákl. prenesená",{"$nulls":5},{"v":0.2,"d":"20.00%"},{"$nulls":10},{"$f":"ROUND(BB94, 2)","v":{"v":0,"d":"0.00"}},{"$nulls":13},{"v":0,"d":"0.00"}]
[{"$nulls":5},"zníž. prenesená",{"$nulls":5},{"v":0.2,"d":"20.00%"},{"$nulls":10},{"$f":"ROUND(BC94, 2)","v":{"v":0,"d":"0.00"}},{"$nulls":13},{"v":0,"d":"0.00"}]
[{"$nulls":5},"nulová",{"$nulls":5},{"v":0,"d":"0.00%"},{"$nulls":10},{"$f":"ROUND(BD94, 2)","v":{"v":0,"d":"0.00"}},{"$nulls":13},{"v":0,"d":"0.00"}]
[]
[{"$nulls":3},"Cena s DPH",{"$nulls":15},"v",{"$nulls":3},"EUR",{"$nulls":12},{"$f":"SUM(AK26:AK33)","v":{"v":0,"d":"0.00"}}]
{"$rows_empty":13}
[{"$nulls":3},"Projektant",{"$nulls":29},"Spracovateľ"]
{"$rows_empty":10}
[{"$nulls":3},"Dátum a podpis:",{"$nulls":17},"Pečiatka",{"$nulls":11},"Dátum a podpis:",{"$nulls":4},"Pečiatka"]
[]
[]
[]
[{"$nulls":3},"Objednávateľ",{"$nulls":29},"Zhotoviteľ"]
{"$rows_empty":10}
[{"$nulls":3},"Dátum a podpis:",{"$nulls":17},"Pečiatka",{"$nulls":11},"Dátum a podpis:",{"$nulls":4},"Pečiatka"]
[]
[]
[]
[]
[]
[]
[null,null,"REKAPITULÁCIA OBJEKTOV STAVBY"]
[]
[null,null,"Kód:",{"$nulls":8},{"$f":"K5","v":"09754-1"}]
[null,null,"Stavba:",{"$nulls":8},{"$f":"K6","v":"Dom Smutku Hrčeľ - stavebné úpravy"}]
[]
[null,null,"Miesto:",{"$nulls":8},{"$f":"IF(K8=\"\",\"\",K8)","v":"Hrčeľ "},{"$nulls":22},"Dátum:",{"$nulls":3},{"$f":"IF(AN8= \"\",\"\",AN8)","v":"3. 5. 2019"}]
[]
[null,null,"Objednávateľ:",{"$nulls":8},{"$f":"IF(E11= \"\",\"\",E11)","v":"Obec Hrčeľ "},{"$nulls":22},"Projektant:",{"$nulls":3},{"$f":"IF(E17=\"\",\"\",E17)","v":" "},{"$nulls":5},"Informatívne údaje z listov zákaziek"]
[null,null,"Zhotoviteľ:",{"$nulls":8},{"$f":"IF(E14=\"\",\"\",E14)","v":" "},{"$nulls":22},"Spracovateľ:",{"$nulls":3},{"$f":"IF(E20=\"\",\"\",E20)","v":" "}]
[]
[null,null,"Kód",{"$nulls":5},"Popis",{"$nulls":23},"Cena bez DPH [EUR]",{"$nulls":6},"Cena s DPH [EUR]",null,null,"Typ",null,"z toho Ostat.\r\nnáklady [EUR]","DPH [EUR]","Normohodiny [h]","DPH základná [EUR]","DPH znížená [EUR]","DPH základná prenesená\r\n[EUR]","DPH znížená prenesená\r\n[EUR]","Základňa\r\nDPH základná","Základňa\r\nDPH znížená","Základňa\r\nDPH zákl. prenesená","Základňa\r\nDPH zníž. prenesená","Základňa\r\nDPH nulová"]
[]
[null,null,"Náklady z rozpočtov",{"$nulls":29},{"$f":"ROUND(AG95,2)","v":{"v":0,"d":"0.00"}},{"$nulls":6},{"$f":"SUM(AG94,AT94)","v":{"v":0,"d":"0.00"}},null,null,"",null,{"$f":"ROUND(AS95,2)","v":{"v":0,"d":"0.00"}},{"$f":"ROUND(SUM(AV94:AW94),2)","v":{"v":0,"d":"0.00"}},{"$f":"ROUND(AU95,5)","v":753.60193},{"$f":"ROUND(AZ94*L29,2)","v":{"v":0,"d":"0.00"}},{"$f":"ROUND(BA94*L30,2)","v":{"v":0,"d":"0.00"}},{"$f":"ROUND(BB94*L29,2)","v":{"v":0,"d":"0.00"}},{"$f":"ROUND(BC94*L30,2)","v":{"v":0,"d":"0.00"}},{"$f":"ROUND(AZ95,2)","v":{"v":0,"d":"0.00"}},{"$f":"ROUND(BA95,2)","v":{"v":0,"d":"0.00"}},{"$f":"ROUND(BB95,2)","v":{"v":0,"d":"0.00"}},{"$f":"ROUND(BC95,2)","v":{"v":0,"d":"0.00"}},{"$f":"ROUND(BD95,2)","v":{"v":0,"d":"0.00"}},{"$nulls":14},"D","0",null,"IMPORT","{4e52ac7b-f9c8-4093-99d6-b93e2b7506a8}","{00000000-0000-0000-0000-000000000000}",{"$nulls":13},""]
["/",null,null,"09754-1",{"$nulls":5},"Dom Smutku Hrčeľ - stavebné úpravy",{"$nulls":22},{"$f":"'09754-1 - Dom Smutku Hrče...'!J28","v":{"v":0,"d":"0.00"}},{"$nulls":6},{"$f":"SUM(AG95,AT95)","v":{"v":0,"d":"0.00"}},null,null,"STA",null,{"v":0,"d":"0.00"},{"$f":"ROUND(SUM(AV95:AW95),2)","v":{"v":0,"d":"0.00"}},{"$f":"'09754-1 - Dom Smutku Hrče...'!P122","v":{"v":753.6019337800001,"d":"753.60193"}},{"$f":"'09754-1 - Dom Smutku Hrče...'!J31","v":{"v":0,"d":"0.00"}},{"$f":"'09754-1 - Dom Smutku Hrče...'!J32","v":{"v":0,"d":"0.00"}},{"$f":"'09754-1 - Dom Smutku Hrče...'!J33","v":{"v":0,"d":"0.00"}},{"$f":"'09754-1 - Dom Smutku Hrče...'!J34","v":{"v":0,"d":"0.00"}},{"$f":"'09754-1 - Dom Smutku Hrče...'!F31","v":{"v":0,"d":"0.00"}},{"$f":"'09754-1 - Dom Smutku Hrče...'!F32","v":{"v":0,"d":"0.00"}},{"$f":"'09754-1 - Dom Smutku Hrče...'!F33","v":{"v":0,"d":"0.00"}},{"$f":"'09754-1 - Dom Smutku Hrče...'!F34","v":{"v":0,"d":"0.00"}},{"$f":"'09754-1 - Dom Smutku Hrče...'!F35","v":{"v":0,"d":"0.00"}},{"$nulls":15},"1","###NOINSERT###","IMPORT","{4e52ac7b-f9c8-4093-99d6-b93e2b7506a8}","{00000000-0000-0000-0000-000000000000}",{"$nulls":13},""]

{"sheet":"09754-1 - Dom Smutku Hrče...","index":1,"n_rows":210,"n_cols":65,"rows_kept":210,"merged":[[1,11,1,21],[6,4,6,7],[15,4,15,7],[24,4,24,7],[84,4,84,7],[113,4,113,7]]}
[]
[{"$nulls":11},">>  skryté stĺpce  <<",{"$nulls":33},"{4e52ac7b-f9c8-4093-99d6-b93e2b7506a8}"]
[{"$nulls":45},"0"]
[{"$nulls":3},"KRYCÍ LIST ROZPOČTU",{"$nulls":8},"v ---  nižšie sa nachádzajú doplnkové a pomocné údaje k zostavám  --- v",{"$nulls":32},"False"]
[]
[{"$nulls":3},"Stavba:"]
[{"$nulls":4},"Dom Smutku Hrčeľ - stavebné úpravy"]
[]
[{"$nulls":3},"JKSO:",null,"",null,null,"KS:",""]
[{"$nulls":3},"Miesto:",null,"Hrčeľ ",null,null,"Dátum:",{"$f":"'Rekapitulácia stavby'!AN8","v":"3. 5. 2019"}]
[]
[{"$nulls":3},"Objednávateľ:",{"$nulls":4},"IČO:",""]
[{"$nulls":4},"Obec Hrčeľ ",{"$nulls":3},"IČ DPH:",""]
[]
[{"$nulls":3},"Zhotoviteľ:",{"$nulls":4},"IČO:",{"$f":"'Rekapitulácia stavby'!AN13","v":""}]
[{"$nulls":4},{"$f":"'Rekapitulácia stavby'!E14","v":" "},{"$nulls":3},"IČ DPH:",{"$f":"'Rekapitulácia stavby'!AN14","v":""}]
[]
[{"$nulls":3},"Projektant:",{"$nulls":4},"IČO:",{"$f":"IF('Rekapitulácia stavby'!AN16=\"\",\"\",'Rekapitulácia stavby'!AN16)","v":""}]
[{"$nulls":4},{"$f":"IF('Rekapitulácia stavby'!E17=\"\",\"\",'Rekapitulácia stavby'!E17)","v":" "},{"$nulls":3},"IČ DPH:",{"$f":"IF('Rekapitulácia stavby'!AN17=\"\",\"\",'Rekapitulácia stavby'!AN17)","v":""}]
[]
[{"$nulls":3},"Spracovateľ:",{"$nulls":4},"IČO:",{"$f":"IF('Rekapitulácia stavby'!AN19=\"\",\"\",'Rekapitulácia stavby'!AN19)","v":""}]
[{"$nulls":4},{"$f":"IF('Rekapitulácia stavby'!E20=\"\",\"\",'Rekapitulácia stavby'!E20)","v":" "},{"$nulls":3},"IČ DPH:",{"$f":"IF('Rekapitulácia stavby'!AN20=\"\",\"\",'Rekapitulácia stavby'!AN20)","v":""}]
[]
[{"$nulls":3},"Poznámka:"]
[{"$nulls":4},""]
[]
[]
[{"$nulls":3},"Cena bez DPH",{"$nulls":5},{"$f":"ROUND(J122, 2)","v":{"v":0,"d":"0.00"}}]
[]
[{"$nulls":5},"Základ dane",null,null,"Sadzba dane","Výška dane"]
[{"$nulls":3},"DPH","základná",{"$f":"ROUND((SUM(BE122:BE210)),  2)","v":{"v":0,"d":"0.00"}},null,null,{"v":0.2,"d":"20.00%"},{"$f":"ROUND(((SUM(BE122:BE210))*I31),  2)","v":{"v":0,"d":"0.00"}}]
[{"$nulls":4},"znížená",{"$f":"ROUND((SUM(BF122:BF210)),  2)","v":{"v":0,"d":"0.00"}},null,null,{"v":0.2,"d":"20.00%"},{"$f":"ROUND(((SUM(BF122:BF210))*I32),  2)","v":{"v":0,"d":"0.00"}}]
[{"$nulls":4},"zákl. prenesená",{"$f":"ROUND((SUM(BG122:BG210)),  2)","v":{"v":0,"d":"0.00"}},null,null,{"v":0.2,"d":"20.00%"},{"$f":"0","v":{"v":0,"d":"0.00"}}]
[{"$nulls":4},"zníž. prenesená",{"$f":"ROUND((SUM(BH122:BH210)),  2)","v":{"v":0,"d":"0.00"}},null,null,{"v":0.2,"d":"20.00%"},{"$f":"0","v":{"v":0,"d":"0.00"}}]
[{"$nulls":4},"nulová",{"$f":"ROUND((SUM(BI122:BI210)),  2)","v":{"v":0,"d":"0.00"}},null,null,{"v":0,"d":"0.00%"},{"$f":"0","v":{"v":0,"d":"0.00"}}]
[]
[{"$nulls":3},"Cena s DPH",null,null,"v","EUR",null,{"$f":"SUM(J28:J35)","v":{"v":0,"d":"0.00"}}]
{"$rows_empty":12}
[{"$nulls":3},"Projektant",null,null,"Spracovateľ"]
{"$rows_empty":10}
[{"$nulls":3},"Dátum a podpis:",null,"Pečiatka","Dátum a podpis:",null,null,"Pečiatka"]
[]
[]
[]
[{"$nulls":3},"Objednávateľ",null,null,"Zhotoviteľ"]
{"$rows_empty":10}
[{"$nulls":3},"Dátum a podpis:",null,"Pečiatka","Dátum a podpis:",null,null,"Pečiatka"]
[]
[]
[]
[]
[]
[null,null,"REKAPITULÁCIA ROZPOČTU"]
[]
[null,null,"Stavba:"]
[{"$nulls":4},{"$f":"E7","v":"Dom Smutku Hrčeľ - stavebné úpravy"}]
[]
[null,null,"Miesto:",null,null,{"$f":"F10","v":"Hrčeľ "},null,null,"Dátum:",{"$f":"IF(J10=\"\",\"\",J10)","v":"3. 5. 2019"}]
[]
[null,null,"Objednávateľ:",null,null,{"$f":"E13","v":"Obec Hrčeľ "},null,null,"Projektant:",{"$f":"E19","v":" "}]
[null,null,"Zhotoviteľ:",null,null,{"$f":"IF(E16=\"\",\"\",E16)","v":" "},null,null,"Spracovateľ:",{"$f":"E22","v":" "}]
[]
[null,null,"Kód dielu - Popis",{"$nulls":6},"Cena celkom [EUR]"]
[]
[null,null,"Náklady z rozpočtu",{"$nulls":6},{"$f":"J122","v":{"v":0,"d":"0.00"}},{"$nulls":36},"-1"]
[{"$nulls":3},"HSV - Práce a dodávky HSV",{"$nulls":5},{"$f":"J123","v":{"v":0,"d":"0.00"}}]
[{"$nulls":3},"    6 - Úpravy povrchov, podlahy, osadenie",{"$nulls":5},{"$f":"J124","v":{"v":0,"d":"0.00"}}]
[{"$nulls":3},"    9 - Ostatné konštrukcie a práce-búranie",{"$nulls":5},{"$f":"J129","v":{"v":0,"d":"0.00"}}]
[{"$nulls":3},"    99 - Presun hmôt HSV",{"$nulls":5},{"$f":"J148","v":{"v":0,"d":"0.00"}}]
[{"$nulls":3},"PSV - Práce a dodávky PSV",{"$nulls":5},{"$f":"J150","v":{"v":0,"d":"0.00"}}]
[{"$nulls":3},"    762 - Konštrukcie tesárske",{"$nulls":5},{"$f":"J151","v":{"v":0,"d":"0.00"}}]
[{"$nulls":3},"    764 - Konštrukcie klampiarske",{"$nulls":5},{"$f":"J170","v":{"v":0,"d":"0.00"}}]
[{"$nulls":3},"    765 - Konštrukcie - krytiny tvrdé",{"$nulls":5},{"$f":"J189","v":{"v":0,"d":"0.00"}}]
[{"$nulls":3},"    766 - Konštrukcie stolárske",{"$nulls":5},{"$f":"J196","v":{"v":0,"d":"0.00"}}]
[{"$nulls":3},"    784 - Maľby",{"$nulls":5},{"$f":"J206","v":{"v":0,"d":"0.00"}}]
[]
[]
[]
[]
[]
[]
[null,null,"ROZPOČET"]
[]
[null,null,"Stavba:"]
[{"$nulls":4},{"$f":"E7","v":"Dom Smutku Hrčeľ - stavebné úpravy"}]
[]
[null,null,"Miesto:",null,null,{"$f":"F10","v":"Hrčeľ "},null,null,"Dátum:",{"$f":"IF(J10=\"\",\"\",J10)","v":"3. 5. 2019"}]
[]
[null,null,"Objednávateľ:",null,null,{"$f":"E13","v":"Obec Hrčeľ "},null,null,"Projektant:",{"$f":"E19","v":" "}]
[null,null,"Zhotoviteľ:",null,null,{"$f":"IF(E16=\"\",\"\",E16)","v":" "},null,null,"Spracovateľ:",{"$f":"E22","v":" "}]
[]
[null,null,"PČ","Typ","Kód","Popis","MJ","Množstvo","J.cena [EUR]","Cena celkom [EUR]","Cenová sústava",null,"","DPH","J. Nh [h]","Nh celkom [h]","J. hmotnosť [t]","Hmotnosť celkom [t]","J. suť [t]","Suť Celkom [t]"]
[null,null,"Náklady z rozpočtu",{"$nulls":6},{"$f":"BK122","v":{"v":0,"d":"0.000"}},{"$nulls":5},{"$f":"P123+P150","v":{"v":753.6019337800001,"d":"753.60193"}},null,{"$f":"R123+R150","v":{"v":19.763132130000002,"d":"19.76313"}},null,{"$f":"T123+T150","v":{"v":9.528516,"d":"9.52852"}},{"$nulls":25},"D","-1",{"$nulls":15},{"$f":"BK123+BK150","v":{"v":0,"d":"0.000"}}]
[{"$nulls":3},"D","HSV","Práce a dodávky HSV",{"$nulls":3},{"$f":"BK123","v":{"v":0,"d":"0.000"}},{"$nulls":5},{"$f":"P124+P129+P148","v":{"v":272.97084912,"d":"272.97085"}},null,{"$f":"R124+R129+R148","v":{"v":15.73860511,"d":"15.73861"}},null,{"$f":"T124+T129+T148","v":{"v":4.3600200000000005,"d":"4.36002"}},{"$nulls":23},"1",null,"D","0",{"$nulls":3},"ROZPOCET",{"$nulls":11},{"$f":"BK124+BK129+BK148","v":{"v":0,"d":"0.000"}}]
[{"$nulls":3},"D","6","Úpravy povrchov, podlahy, osadenie",{"$nulls":3},{"$f":"BK124","v":{"v":0,"d":"0.000"}},{"$nulls":5},{"$f":"SUM(P125:P128)","v":{"v":122.92077816000001,"d":"122.92078"}},null,{"$f":"SUM(R125:R128)","v":{"v":6.18593991,"d":"6.18594"}},null,{"$f":"SUM(T125:T128)","v":{"v":0,"d":"0.00000"}},{"$nulls":23},"1",null,"D","1",{"$nulls":3},"ROZPOCET",{"$nulls":11},{"$f":"SUM(BK125:BK128)","v":{"v":0,"d":"0.000"}}]
[null,null,"1","K","612421431","Oprava vnútorných vápenných omietok stien, v množstve opravenej plochy nad 30 do 50 % štukových","m2",131.031,{"$nulls":4},"","znížená",0.42804,{"$f":"O125*H125","v":{"v":56.08650924,"d":"56.08651"}},0.02785,{"$f":"Q125*H125","v":{"v":3.64921335,"d":"3.64921"}},{"v":0,"d":"0.00000"},{"$f":"S125*H125","v":{"v":0,"d":"0.00000"}},{"$nulls":23},"4",null,"K","2",{"$nulls":3},"ROZPOCET",{"$nulls":5},{"$f":"IF(N125=\"základná\",J125,0)","v":{"v":0,"d":"0.00"}},{"$f":"IF(N125=\"znížená\",J125,0)","v":{"v":0,"d":"0.00"}},{"$f":"IF(N125=\"zákl. prenesená\",J125,0)","v":{"v":0,"d":"0.00"}},{"$f":"IF(N125=\"zníž. prenesená\",J125,0)","v":{"v":0,"d":"0.00"}},{"$f":"IF(N125=\"nulová\",J125,0)","v":{"v":0,"d":"0.00"}},"2",{"$f":"ROUND(I125*H125,3)","v":{"v":0,"d":"0.000"}},"4","1098388676"]
[null,null,"2","K","612465119","Príprava vnútorného podkladu stien BAUMIT, Univerzálny základ vystužený vláknami (Baumit FillPrimer)","m2",151.356,{"$nulls":4},"","znížená",0.05208,{"$f":"O126*H126","v":{"v":7.88262048,"d":"7.88262"}},{"v":0.0004,"d":"0.00040"},{"$f":"Q126*H126","v":{"v":0.0605424,"d":"0.06054"}},{"v":0,"d":"0.00000"},{"$f":"S126*H126","v":{"v":0,"d":"0.00000"}},{"$nulls":23},"4",null,"K","2",{"$nulls":3},"ROZPOCET",{"$nulls":5},{"$f":"IF(N126=\"základná\",J126,0)","v":{"v":0,"d":"0.00"}},{"$f":"IF(N126=\"znížená\",J126,0)","v":{"v":0,"d":"0.00"}},{"$f":"IF(N126=\"zákl. prenesená\",J126,0)","v":{"v":0,"d":"0.00"}},{"$f":"IF(N126=\"zníž. prenesená\",J126,0)","v":{"v":0,"d":"0.00"}},{"$f":"IF(N126=\"nulová\",J126,0)","v":{"v":0,"d":"0.00"}},"2",{"$f":"ROUND(I126*H126,3)","v":{"v":0,"d":"0.000"}},"4","-1035385922"]
[null,null,"3","K","612465146","Vnútorná omietka stien tenkovrstvová BAUMIT, strojné nanášanie, Vápenná tenkovrstvová omietka, hr. 6 mm","m2",151.356,{"$nulls":4},"","znížená",0.27831,{"$f":"O127*H127","v":{"v":42.12388836,"d":"42.12389"}},0.01125,{"$f":"Q127*H127","v":{"v":1.7027549999999998,"d":"1.70276"}},{"v":0,"d":"0.00000"},{"$f":"S127*H127","v":{"v":0,"d":"0.00000"}},{"$nulls":23},"4",null,"K","2",{"$nulls":3},"ROZPOCET",{"$nulls":5},{"$f":"IF(N127=\"základná\",J127,0)","v":{"v":0,"d":"0.00"}},{"$f":"IF(N127=\"znížená\",J127,0)","v":{"v":0,"d":"0.00"}},{"$f":"IF(N127=\"zákl. prenesená\",J127,0)","v":{"v":0,"d":"0.00"}},{"$f":"IF(N127=\"zníž. prenesená\",J127,0)","v":{"v":0,"d":"0.00"}},{"$f":"IF(N127=\"nulová\",J127,0)","v":{"v":0,"d":"0.00"}},"2",{"$f":"ROUND(I127*H127,3)","v":{"v":0,"d":"0.000"}},"4","-376382769"]
[null,null,"4","K","612481119","Potiahnutie vnútorných stien sklotextílnou mriežkou s celoplošným prilepením","m2",151.356,{"$nulls":4},"","znížená",0.11118,{"$f":"O128*H128","v":{"v":16.82776008,"d":"16.82776"}},{"v":5.11E-3,"d":"0.00511"},{"$f":"Q128*H128","v":{"v":0.77342916,"d":"0.77343"}},{"v":0,"d":"0.00000"},{"$f":"S128*H128","v":{"v":0,"d":"0.00000"}},{"$nulls":23},"4",null,"K","2",{"$nulls":3},"ROZPOCET",{"$nulls":5},{"$f":"IF(N128=\"základná\",J128,0)","v":{"v":0,"d":"0.00"}},{"$f":"IF(N128=\"znížená\",J128,0)","v":{"v":0,"d":"0.00"}},{"$f":"IF(N128=\"zákl. prenesená\",J128,0)","v":{"v":0,"d":"0.00"}},{"$f":"IF(N128=\"zníž. prenesená\",J128,0)","v":{"v":0,"d":"0.00"}},{"$f":"IF(N128=\"nulová\",J128,0)","v":{"v":0,"d":"0.00"}},"2",{"$f":"ROUND(I128*H128,3)","v":{"v":0,"d":"0.000"}},"4","1866524419"]
[{"$nulls":3},"D","9","Ostatné konštrukcie a práce-búranie",{"$nulls":9},{"$f":"SUM(P130:P147)","v":{"v":86.10320195999999,"d":"86.10320"}},null,{"$f":"SUM(R130:R147)","v":{"v":9.5526652,"d":"9.55267"}},null,{"$f":"SUM(T130:T147)","v":{"v":4.3600200000000005,"d":"4.36002"}},{"$nulls":23},"1",null,"D","1",{"$nulls":3},"ROZPOCET",{"$nulls":11},{"$f":"SUM(BK130:BK147)","v":{"v":0,"d":"0.000"}}]
[null,null,"5","K","941941031","Montáž lešenia ľahkého pracovného radového s podlahami šírky od 0,80 do 1,00 m, výšky do 10 m","m2",185.705,{"$nulls":4},"","znížená",{"v":0.132,"d":"0.13200"},{"$f":"O130*H130","v":{"v":24.513060000000003,"d":"24.51306"}},0.02572,{"$f":"Q130*H130","v":{"v":4.7763326,"d":"4.77633"}},{"v":0,"d":"0.00000"},{"$f":"S130*H130","v":{"v":0,"d":"0.00000"}},{"$nulls":23},"4",null,"K","2",{"$nulls":3},"ROZPOCET",{"$nulls":5},{"$f":"IF(N130=\"základná\",J130,0)","v":{"v":0,"d":"0.00"}},{"$f":"IF(N130=\"znížená\",J130,0)","v":{"v":0,"d":"0.00"}},{"$f":"IF(N130=\"zákl. prenesená\",J130,0)","v":{"v":0,"d":"0.00"}},{"$f":"IF(N130=\"zníž. prenesená\",J130,0)","v":{"v":0,"d":"0.00"}},{"$f":"IF(N130=\"nulová\",J130,0)","v":{"v":0,"d":"0.00"}},"2",{"$f":"ROUND(I130*H130,3)","v":{"v":0,"d":"0.000"}},"4","-1018666889"]
[{"$nulls":3},"VV","","11,9*4,15+11,9*2,8",null,82.705,{"$nulls":37},"VV","2","2","True","0","ROZPOCET"]
[{"$nulls":3},"VV","","10,3*2*5",null,{"v":103,"d":"103.000"},{"$nulls":37},"VV","2","2","True","0","ROZPOCET"]
[{"$nulls":3},"VV","","Súčet",null,{"v":185.70499999999998,"d":"185.705"},{"$nulls":37},"VV","2","4","True","1","ROZPOCET"]
[null,null,"6","K","941941191","Príplatok za prvý a každý ďalší i začatý mesiac použitia lešenia ľahkého pracovného radového s podlahami šírky od 0,80 do 1,00 m, výšky do 10 m","m2",185.705,{"$nulls":4},"","znížená",{"v":0.006,"d":"0.00600"},{"$f":"O134*H134","v":1.11423},{"v":0,"d":"0.00000"},{"$f":"Q134*H134","v":{"v":0,"d":"0.00000"}},{"v":0,"d":"0.00000"},{"$f":"S134*H134","v":{"v":0,"d":"0.00000"}},{"$nulls":23},"4",null,"K","2",{"$nulls":3},"ROZPOCET",{"$nulls":5},{"$f":"IF(N134=\"základná\",J134,0)","v":{"v":0,"d":"0.00"}},{"$f":"IF(N134=\"znížená\",J134,0)","v":{"v":0,"d":"0.00"}},{"$f":"IF(N134=\"zákl. prenesená\",J134,0)","v":{"v":0,"d":"0.00"}},{"$f":"IF(N134=\"zníž. prenesená\",J134,0)","v":{"v":0,"d":"0.00"}},{"$f":"IF(N134=\"nulová\",J134,0)","v":{"v":0,"d":"0.00"}},"2",{"$f":"ROUND(I134*H134,3)","v":{"v":0,"d":"0.000"}},"4","380419498"]
[null,null,"7","K","941941841","Demontáž lešenia ľahkého pracovného radového s podlahami šírky nad 1,00 do 1,20 m, výšky do 10 m","m2",185.705,{"$nulls":4},"","znížená",{"v":0.104,"d":"0.10400"},{"$f":"O135*H135","v":19.31332},0.02572,{"$f":"Q135*H135","v":{"v":4.7763326,"d":"4.77633"}},{"v":0,"d":"0.00000"},{"$f":"S135*H135","v":{"v":0,"d":"0.00000"}},{"$nulls":23},"4",null,"K","2",{"$nulls":3},"ROZPOCET",{"$nulls":5},{"$f":"IF(N135=\"základná\",J135,0)","v":{"v":0,"d":"0.00"}},{"$f":"IF(N135=\"znížená\",J135,0)","v":{"v":0,"d":"0.00"}},{"$f":"IF(N135=\"zákl. prenesená\",J135,0)","v":{"v":0,"d":"0.00"}},{"$f":"IF(N135=\"zníž. prenesená\",J135,0)","v":{"v":0,"d":"0.00"}},{"$f":"IF(N135=\"nulová\",J135,0)","v":{"v":0,"d":"0.00"}},"2",{"$f":"ROUND(I135*H135,3)","v":{"v":0,"d":"0.000"}},"4","1900101229"]
[null,null,"8","K","968062355","Vybúranie drevených rámov okien dvojitých alebo zdvojených, plochy do 2 m2,  -0,06200t","m2",{"v":8.16,"d":"8.160"},{"$nulls":4},"","znížená",{"v":0.56,"d":"0.56000"},{"$f":"O136*H136","v":{"v":4.5696,"d":"4.56960"}},{"v":0,"d":"0.00000"},{"$f":"Q136*H136","v":{"v":0,"d":"0.00000"}},{"v":0.062,"d":"0.06200"},{"$f":"S136*H136","v":0.50592},{"$nulls":23},"16",null,"K","2",{"$nulls":3},"ROZPOCET",{"$nulls":5},{"$f":"IF(N136=\"základná\",J136,0)","v":{"v":0,"d":"0.00"}},{"$f":"IF(N136=\"znížená\",J136,0)","v":{"v":0,"d":"0.00"}},{"$f":"IF(N136=\"zákl. prenesená\",J136,0)","v":{"v":0,"d":"0.00"}},{"$f":"IF(N136=\"zníž. prenesená\",J136,0)","v":{"v":0,"d":"0.00"}},{"$f":"IF(N136=\"nulová\",J136,0)","v":{"v":0,"d":"0.00"}},"2",{"$f":"ROUND(I136*H136,3)","v":{"v":0,"d":"0.000"}},"16","975928278"]
[{"$nulls":3},"VV","","0,6*2*5+0,6*0,9*2+0,6*0,6*3",null,{"v":8.16,"d":"8.160"},{"$nulls":37},"VV","2","2","True","1","ROZPOCET"]
[null,null,"9","K","968062455","Vybúranie drevených dverových zárubní plochy do 2 m2,  -0,08800t","m2",{"v":3.2,"d":"3.200"},{"$nulls":4},"","znížená",{"v":1.2,"d":"1.20000"},{"$f":"O138*H138","v":{"v":3.84,"d":"3.84000"}},{"v":0,"d":"0.00000"},{"$f":"Q138*H138","v":{"v":0,"d":"0.00000"}},{"v":0.088,"d":"0.08800"},{"$f":"S138*H138","v":{"v":0.2816,"d":"0.28160"}},{"$nulls":23},"4",null,"K","2",{"$nulls":3},"ROZPOCET",{"$nulls":5},{"$f":"IF(N138=\"základná\",J138,0)","v":{"v":0,"d":"0.00"}},{"$f":"IF(N138=\"znížená\",J138,0)","v":{"v":0,"d":"0.00"}},{"$f":"IF(N138=\"zákl. prenesená\",J138,0)","v":{"v":0,"d":"0.00"}},{"$f":"IF(N138=\"zníž. prenesená\",J138,0)","v":{"v":0,"d":"0.00"}},{"$f":"IF(N138=\"nulová\",J138,0)","v":{"v":0,"d":"0.00"}},"2",{"$f":"ROUND(I138*H138,3)","v":{"v":0,"d":"0.000"}},"4","395276277"]
[{"$nulls":3},"VV","","1,6*2",null,{"v":3.2,"d":"3.200"},{"$nulls":37},"VV","2","2","True","1","ROZPOCET"]
[null,null,"10","K","968062456","Vybúranie drevených dverových zárubní plochy nad 2 m2,  -0,06700t","m2",{"v":8.14,"d":"8.140"},{"$nulls":4},"","znížená",{"v":0.8,"d":"0.80000"},{"$f":"O140*H140","v":{"v":6.5120000000000005,"d":"6.51200"}},{"v":0,"d":"0.00000"},{"$f":"Q140*H140","v":{"v":0,"d":"0.00000"}},{"v":0.067,"d":"0.06700"},{"$f":"S140*H140","v":{"v":0.5453800000000001,"d":"0.54538"}},{"$nulls":23},"4",null,"K","2",{"$nulls":3},"ROZPOCET",{"$nulls":5},{"$f":"IF(N140=\"základná\",J140,0)","v":{"v":0,"d":"0.00"}},{"$f":"IF(N140=\"znížená\",J140,0)","v":{"v":0,"d":"0.00"}},{"$f":"IF(N140=\"zákl. prenesená\",J140,0)","v":{"v":0,"d":"0.00"}},{"$f":"IF(N140=\"zníž. prenesená\",J140,0)","v":{"v":0,"d":"0.00"}},{"$f":"IF(N140=\"nulová\",J140,0)","v":{"v":0,"d":"0.00"}},"2",{"$f":"ROUND(I140*H140,3)","v":{"v":0,"d":"0.000"}},"4","961551334"]
[{"$nulls":3},"VV","","3,7*2,2",null,{"v":8.14,"d":"8.140"},{"$nulls":37},"VV","2","2","True","1","ROZPOCET"]
[null,null,"11","K","978013161","Otlčenie omietok stien vnútorných vápenných alebo vápennocementových v rozsahu do 50 %,  -0,02000t","m2",151.356,{"$nulls":4},"","znížená",0.12691,{"$f":"O142*H142","v":{"v":19.208589959999998,"d":"19.20859"}},{"v":0,"d":"0.00000"},{"$f":"Q142*H142","v":{"v":0,"d":"0.00000"}},{"v":0.02,"d":"0.02000"},{"$f":"S142*H142","v":3.02712},{"$nulls":23},"4",null,"K","2",{"$nulls":3},"ROZPOCET",{"$nulls":5},{"$f":"IF(N142=\"základná\",J142,0)","v":{"v":0,"d":"0.00"}},{"$f":"IF(N142=\"znížená\",J142,0)","v":{"v":0,"d":"0.00"}},{"$f":"IF(N142=\"zákl. prenesená\",J142,0)","v":{"v":0,"d":"0.00"}},{"$f":"IF(N142=\"zníž. prenesená\",J142,0)","v":{"v":0,"d":"0.00"}},{"$f":"IF(N142=\"nulová\",J142,0)","v":{"v":0,"d":"0.00"}},"2",{"$f":"ROUND(I142*H142,3)","v":{"v":0,"d":"0.000"}},"4","-1143695868"]
[{"$nulls":3},"VV","","6,1*2*4,8+11,1*4,18*2",null,151.356,{"$nulls":37},"VV","2","2","True","1","ROZPOCET"]
[null,null,"12","K","979081111","Odvoz sutiny a vybúraných hmôt na skládku do 1 km","t",9.529,{"$nulls":4},"","znížená",{"v":0.598,"d":"0.59800"},{"$f":"O144*H144","v":{"v":5.698341999999999,"d":"5.69834"}},{"v":0,"d":"0.00000"},{"$f":"Q144*H144","v":{"v":0,"d":"0.00000"}},{"v":0,"d":"0.00000"},{"$f":"S144*H144","v":{"v":0,"d":"0.00000"}},{"$nulls":23},"4",null,"K","2",{"$nulls":3},"ROZPOCET",{"$nulls":5},{"$f":"IF(N144=\"základná\",J144,0)","v":{"v":0,"d":"0.00"}},{"$f":"IF(N144=\"znížená\",J144,0)","v":{"v":0,"d":"0.00"}},{"$f":"IF(N144=\"zákl. prenesená\",J144,0)","v":{"v":0,"d":"0.00"}},{"$f":"IF(N144=\"zníž. prenesená\",J144,0)","v":{"v":0,"d":"0.00"}},{"$f":"IF(N144=\"nulová\",J144,0)","v":{"v":0,"d":"0.00"}},"2",{"$f":"ROUND(I144*H144,3)","v":{"v":0,"d":"0.000"}},"4","1641075862"]
[null,null,"13","K","979081121","Odvoz sutiny a vybúraných hmôt na skládku za každý ďalší 1 km","t",{"v":190.58,"d":"190.580"},{"$nulls":4},"","znížená",{"v":0.007,"d":"0.00700"},{"$f":"O145*H145","v":1.33406},{"v":0,"d":"0.00000"},{"$f":"Q145*H145","v":{"v":0,"d":"0.00000"}},{"v":0,"d":"0.00000"},{"$f":"S145*H145","v":{"v":0,"d":"0.00000"}},{"$nulls":23},"4",null,"K","2",{"$nulls":3},"ROZPOCET",{"$nulls":5},{"$f":"IF(N145=\"základná\",J145,0)","v":{"v":0,"d":"0.00"}},{"$f":"IF(N145=\"znížená\",J145,0)","v":{"v":0,"d":"0.00"}},{"$f":"IF(N145=\"zákl. prenesená\",J145,0)","v":{"v":0,"d":"0.00"}},{"$f":"IF(N145=\"zníž. prenesená\",J145,0)","v":{"v":0,"d":"0.00"}},{"$f":"IF(N145=\"nulová\",J145,0)","v":{"v":0,"d":"0.00"}},"2",{"$f":"ROUND(I145*H145,3)","v":{"v":0,"d":"0.000"}},"4","-1100574643"]
[{"$nulls":3},"VV",null,"9,529*20 'Přepočítané koeficientom množstva",null,{"v":190.58,"d":"190.580"},{"$nulls":37},"VV","2","2","False","1","ROZPOCET"]
[null,null,"14","K","979089012","Poplatok za skladovanie - betón, tehly, dlaždice (17 01 ), ostatné","t",9.529,{"$nulls":4},"","znížená",{"v":0,"d":"0.00000"},{"$f":"O147*H147","v":{"v":0,"d":"0.00000"}},{"v":0,"d":"0.00000"},{"$f":"Q147*H147","v":{"v":0,"d":"0.00000"}},{"v":0,"d":"0.00000"},{"$f":"S147*H147","v":{"v":0,"d":"0.00000"}},{"$nulls":23},"4",null,"K","2",{"$nulls":3},"ROZPOCET",{"$nulls":5},{"$f":"IF(N147=\"základná\",J147,0)","v":{"v":0,"d":"0.00"}},{"$f":"IF(N147=\"znížená\",J147,0)","v":{"v":0,"d":"0.00"}},{"$f":"IF(N147=\"zákl. prenesená\",J147,0)","v":{"v":0,"d":"0.00"}},{"$f":"IF(N147=\"zníž. prenesená\",J147,0)","v":{"v":0,"d":"0.00"}},{"$f":"IF(N147=\"nulová\",J147,0)","v":{"v":0,"d":"0.00"}},"2",{"$f":"ROUND(I147*H147,3)","v":{"v":0,"d":"0.000"}},"4","867490389"]
[{"$nulls":3},"D","99","Presun hmôt HSV",{"$nulls":9},{"$f":"P149","v":{"v":63.94686900000001,"d":"63.94687"}},null,{"$f":"R149","v":{"v":0,"d":"0.00000"}},null,{"$f":"T149","v":{"v":0,"d":"0.00000"}},{"$nulls":23},"1",null,"D","1",{"$nulls":3},"ROZPOCET",{"$nulls":11},{"$f":"BK149","v":{"v":0,"d":"0.000"}}]
[null,null,"15","K","999281111","Presun hmôt pre opravy a údržbu objektov vrátane vonkajších plášťov výšky do 25 m","t",25.963,{"$nulls":4},"","znížená",{"v":2.463,"d":"2.46300"},{"$f":"O149*H149","v":{"v":63.94686900000001,"d":"63.94687"}},{"v":0,"d":"0.00000"},{"$f":"Q149*H149","v":{"v":0,"d":"0.00000"}},{"v":0,"d":"0.00000"},{"$f":"S149*H149","v":{"v":0,"d":"0.00000"}},{"$nulls":23},"4",null,"K","2",{"$nulls":3},"ROZPOCET",{"$nulls":5},{"$f":"IF(N149=\"základná\",J149,0)","v":{"v":0,"d":"0.00"}},{"$f":"IF(N149=\"znížená\",J149,0)","v":{"v":0,"d":"0.00"}},{"$f":"IF(N149=\"zákl. prenesená\",J149,0)","v":{"v":0,"d":"0.00"}},{"$f":"IF(N149=\"zníž. prenesená\",J149,0)","v":{"v":0,"d":"0.00"}},{"$f":"IF(N149=\"nulová\",J149,0)","v":{"v":0,"d":"0.00"}},"2",{"$f":"ROUND(I149*H149,3)","v":{"v":0,"d":"0.000"}},"4","1505433918"]
[{"$nulls":3},"D","PSV","Práce a dodávky PSV",{"$nulls":9},{"$f":"P151+P170+P189+P196+P206","v":{"v":480.63108466000006,"d":"480.63108"}},null,{"$f":"R151+R170+R189+R196+R206","v":{"v":4.024527020000001,"d":"4.02453"}},null,{"$f":"T151+T170+T189+T196+T206","v":{"v":5.168496,"d":"5.16850"}},{"$nulls":23},"2",null,"D","0",{"$nulls":3},"ROZPOCET",{"$nulls":11},{"$f":"BK151+BK170+BK189+BK196+BK206","v":{"v":0,"d":"0.000"}}]
[{"$nulls":3},"D","762","Konštrukcie tesárske",{"$nulls":9},{"$f":"SUM(P152:P169)","v":{"v":97.64453716000003,"d":"97.64454"}},null,{"$f":"SUM(R152:R169)","v":{"v":2.3672364200000002,"d":"2.36724"}},null,{"$f":"SUM(T152:T169)","v":{"v":2.096496,"d":"2.09650"}},{"$nulls":23},"2",null,"D","1",{"$nulls":3},"ROZPOCET",{"$nulls":11},{"$f":"SUM(BK152:BK169)","v":{"v":0,"d":"0.000"}}]
[null,null,"16","K","762341002","Montáž debnenia jednoduchých striech, na kontralaty drevotrieskovými OSB doskami na pero drážku","m2",{"v":131.5,"d":"131.500"},{"$nulls":4},"","znížená",0.26035,{"$f":"O152*H152","v":{"v":34.236025000000005,"d":"34.23603"}},{"v":0,"d":"0.00000"},{"$f":"Q152*H152","v":{"v":0,"d":"0.00000"}},{"v":0,"d":"0.00000"},{"$f":"S152*H152","v":{"v":0,"d":"0.00000"}},{"$nulls":23},"16",null,"K","2",{"$nulls":3},"ROZPOCET",{"$nulls":5},{"$f":"IF(N152=\"základná\",J152,0)","v":{"v":0,"d":"0.00"}},{"$f":"IF(N152=\"znížená\",J152,0)","v":{"v":0,"d":"0.00"}},{"$f":"IF(N152=\"zákl. prenesená\",J152,0)","v":{"v":0,"d":"0.00"}},{"$f":"IF(N152=\"zníž. prenesená\",J152,0)","v":{"v":0,"d":"0.00"}},{"$f":"IF(N152=\"nulová\",J152,0)","v":{"v":0,"d":"0.00"}},"2",{"$f":"ROUND(I152*H152,3)","v":{"v":0,"d":"0.000"}},"16","872827900"]
[null,null,"17","M","607260000500","Doska OSB 3 Superfinish ECO P+D nebrúsené hrxlxš 12x2500x1250 mm, JAFHOLZ","m2",{"v":144.65,"d":"144.650"},{"$nulls":4},"","znížená",{"v":0,"d":"0.00000"},{"$f":"O153*H153","v":{"v":0,"d":"0.00000"}},{"v":5.28E-3,"d":"0.00528"},{"$f":"Q153*H153","v":{"v":0.763752,"d":"0.76375"}},{"v":0,"d":"0.00000"},{"$f":"S153*H153","v":{"v":0,"d":"0.00000"}},{"$nulls":23},"32",null,"M","2",{"$nulls":3},"ROZPOCET",{"$nulls":5},{"$f":"IF(N153=\"základná\",J153,0)","v":{"v":0,"d":"0.00"}},{"$f":"IF(N153=\"znížená\",J153,0)","v":{"v":0,"d":"0.00"}},{"$f":"IF(N153=\"zákl. prenesená\",J153,0)","v":{"v":0,"d":"0.00"}},{"$f":"IF(N153=\"zníž. prenesená\",J153,0)","v":{"v":0,"d":"0.00"}},{"$f":"IF(N153=\"nulová\",J153,0)","v":{"v":0,"d":"0.00"}},"2",{"$f":"ROUND(I153*H153,3)","v":{"v":0,"d":"0.000"}},"16","28621329"]
[null,null,"18","K","762341201","Montáž latovania jednoduchých striech pre sklon do 60°","m",524.124,{"$nulls":4},"","znížená",0.04605,{"$f":"O154*H154","v":{"v":24.1359102,"d":"24.13591"}},{"v":0,"d":"0.00000"},{"$f":"Q154*H154","v":{"v":0,"d":"0.00000"}},{"v":0,"d":"0.00000"},{"$f":"S154*H154","v":{"v":0,"d":"0.00000"}},{"$nulls":23},"16",null,"K","2",{"$nulls":3},"ROZPOCET",{"$nulls":5},{"$f":"IF(N154=\"základná\",J154,0)","v":{"v":0,"d":"0.00"}},{"$f":"IF(N154=\"znížená\",J154,0)","v":{"v":0,"d":"0.00"}},{"$f":"IF(N154=\"zákl. prenesená\",J154,0)","v":{"v":0,"d":"0.00"}},{"$f":"IF(N154=\"zníž. prenesená\",J154,0)","v":{"v":0,"d":"0.00"}},{"$f":"IF(N154=\"nulová\",J154,0)","v":{"v":0,"d":"0.00"}},"2",{"$f":"ROUND(I154*H154,3)","v":{"v":0,"d":"0.000"}},"16","-1051239737"]
[{"$nulls":3},"VV","","131,031*4",null,524.124,{"$nulls":37},"VV","2","2","True","0","ROZPOCET"]
[{"$nulls":3},"VV","","Súčet",null,524.124,{"$nulls":37},"VV","2","4","True","1","ROZPOCET"]
[null,null,"19","M","605330001600","Laty zo smreku akosť A prierez do 25 cm2, dĺ. 300-990 mm","m3",1.153,{"$nulls":4},"","znížená",{"v":0,"d":"0.00000"},{"$f":"O157*H157","v":{"v":0,"d":"0.00000"}},{"v":0.55,"d":"0.55000"},{"$f":"Q157*H157","v":{"v":0.6341500000000001,"d":"0.63415"}},{"v":0,"d":"0.00000"},{"$f":"S157*H157","v":{"v":0,"d":"0.00000"}},{"$nulls":23},"32",null,"M","2",{"$nulls":3},"ROZPOCET",{"$nulls":5},{"$f":"IF(N157=\"základná\",J157,0)","v":{"v":0,"d":"0.00"}},{"$f":"IF(N157=\"znížená\",J157,0)","v":{"v":0,"d":"0.00"}},{"$f":"IF(N157=\"zákl. prenesená\",J157,0)","v":{"v":0,"d":"0.00"}},{"$f":"IF(N157=\"zníž. prenesená\",J157,0)","v":{"v":0,"d":"0.00"}},{"$f":"IF(N157=\"nulová\",J157,0)","v":{"v":0,"d":"0.00"}},"2",{"$f":"ROUND(I157*H157,3)","v":{"v":0,"d":"0.000"}},"16","-1505589019"]
[{"$nulls":3},"VV",null,"524,124*0,0022 'Přepočítané koeficientom množstva",null,1.153,{"$nulls":37},"VV","2","2","False","1","ROZPOCET"]
[null,null,"20","K","762341251","Montáž kontralát pre sklon do 22°","m",131.031,{"$nulls":4},"","znížená",0.08716,{"$f":"O159*H159","v":{"v":11.42066196,"d":"11.42066"}},{"v":0,"d":"0.00000"},{"$f":"Q159*H159","v":{"v":0,"d":"0.00000"}},{"v":0,"d":"0.00000"},{"$f":"S159*H159","v":{"v":0,"d":"0.00000"}},{"$nulls":23},"16",null,"K","2",{"$nulls":3},"ROZPOCET",{"$nulls":5},{"$f":"IF(N159=\"základná\",J159,0)","v":{"v":0,"d":"0.00"}},{"$f":"IF(N159=\"znížená\",J159,0)","v":{"v":0,"d":"0.00"}},{"$f":"IF(N159=\"zákl. prenesená\",J159,0)","v":{"v":0,"d":"0.00"}},{"$f":"IF(N159=\"zníž. prenesená\",J159,0)","v":{"v":0,"d":"0.00"}},{"$f":"IF(N159=\"nulová\",J159,0)","v":{"v":0,"d":"0.00"}},"2",{"$f":"ROUND(I159*H159,3)","v":{"v":0,"d":"0.000"}},"16","1308863695"]
[{"$nulls":3},"VV","","131,031",null,131.031,{"$nulls":37},"VV","2","2","True","0","ROZPOCET"]
[{"$nulls":3},"VV","","Súčet",null,131.031,{"$nulls":37},"VV","2","4","True","1","ROZPOCET"]
[null,null,"21","M","605330001600","Laty zo smreku akosť A prierez do 25 cm2, dĺ. 300-990 mm","m3",0.865,{"$nulls":4},"","znížená",{"v":0,"d":"0.00000"},{"$f":"O162*H162","v":{"v":0,"d":"0.00000"}},{"v":0.55,"d":"0.55000"},{"$f":"Q162*H162","v":0.47575},{"v":0,"d":"0.00000"},{"$f":"S162*H162","v":{"v":0,"d":"0.00000"}},{"$nulls":23},"32",null,"M","2",{"$nulls":3},"ROZPOCET",{"$nulls":5},{"$f":"IF(N162=\"základná\",J162,0)","v":{"v":0,"d":"0.00"}},{"$f":"IF(N162=\"znížená\",J162,0)","v":{"v":0,"d":"0.00"}},{"$f":"IF(N162=\"zákl. prenesená\",J162,0)","v":{"v":0,"d":"0.00"}},{"$f":"IF(N162=\"zníž. prenesená\",J162,0)","v":{"v":0,"d":"0.00"}},{"$f":"IF(N162=\"nulová\",J162,0)","v":{"v":0,"d":"0.00"}},"2",{"$f":"ROUND(I162*H162,3)","v":{"v":0,"d":"0.000"}},"16","1235718702"]
[{"$nulls":3},"VV",null,"131,031*0,0066 'Přepočítané koeficientom množstva",null,0.865,{"$nulls":37},"VV","2","2","False","1","ROZPOCET"]
[null,null,"22","K","762341811","Demontáž debnenia striech rovných, oblúkových do 60°, z dosiek hrubých, hobľovaných,  -0.01600t","m2",131.031,{"$nulls":4},"","znížená",{"v":0.095,"d":"0.09500"},{"$f":"O164*H164","v":{"v":12.447945,"d":"12.44795"}},{"v":0,"d":"0.00000"},{"$f":"Q164*H164","v":{"v":0,"d":"0.00000"}},{"v":0.016,"d":"0.01600"},{"$f":"S164*H164","v":{"v":2.096496,"d":"2.09650"}},{"$nulls":23},"16",null,"K","2",{"$nulls":3},"ROZPOCET",{"$nulls":5},{"$f":"IF(N164=\"základná\",J164,0)","v":{"v":0,"d":"0.00"}},{"$f":"IF(N164=\"znížená\",J164,0)","v":{"v":0,"d":"0.00"}},{"$f":"IF(N164=\"zákl. prenesená\",J164,0)","v":{"v":0,"d":"0.00"}},{"$f":"IF(N164=\"zníž. prenesená\",J164,0)","v":{"v":0,"d":"0.00"}},{"$f":"IF(N164=\"nulová\",J164,0)","v":{"v":0,"d":"0.00"}},"2",{"$f":"ROUND(I164*H164,3)","v":{"v":0,"d":"0.000"}},"16","-1892518450"]
[null,null,"23","K","762395000","Spojovacie prostriedky pre viazané konštrukcie krovov, debnenie a laťovanie, nadstrešné konštr., spádové kliny - svorky, dosky, klince, pásová oceľ, vruty","m3",{"v":4.85,"d":"4.850"},{"$nulls":4},"","znížená",0.01026,{"$f":"O165*H165","v":{"v":0.049761,"d":"0.04976"}},{"v":0.0231,"d":"0.02310"},{"$f":"Q165*H165","v":{"v":0.11203499999999998,"d":"0.11204"}},{"v":0,"d":"0.00000"},{"$f":"S165*H165","v":{"v":0,"d":"0.00000"}},{"$nulls":23},"16",null,"K","2",{"$nulls":3},"ROZPOCET",{"$nulls":5},{"$f":"IF(N165=\"základná\",J165,0)","v":{"v":0,"d":"0.00"}},{"$f":"IF(N165=\"znížená\",J165,0)","v":{"v":0,"d":"0.00"}},{"$f":"IF(N165=\"zákl. prenesená\",J165,0)","v":{"v":0,"d":"0.00"}},{"$f":"IF(N165=\"zníž. prenesená\",J165,0)","v":{"v":0,"d":"0.00"}},{"$f":"IF(N165=\"nulová\",J165,0)","v":{"v":0,"d":"0.00"}},"2",{"$f":"ROUND(I165*H165,3)","v":{"v":0,"d":"0.000"}},"16","2005679227"]
[null,null,"24","K","762421302","Obloženie stropov alebo strešných podhľadov z dosiek OSB skrutkovaných na zraz hr. dosky 12 mm","m2",65.898,{"$nulls":4},"","znížená",{"v":0.233,"d":"0.23300"},{"$f":"O166*H166","v":{"v":15.354234,"d":"15.35423"}},{"v":5.79E-3,"d":"0.00579"},{"$f":"Q166*H166","v":{"v":0.38154942,"d":"0.38155"}},{"v":0,"d":"0.00000"},{"$f":"S166*H166","v":{"v":0,"d":"0.00000"}},{"$nulls":23},"16",null,"K","2",{"$nulls":3},"ROZPOCET",{"$nulls":5},{"$f":"IF(N166=\"základná\",J166,0)","v":{"v":0,"d":"0.00"}},{"$f":"IF(N166=\"znížená\",J166,0)","v":{"v":0,"d":"0.00"}},{"$f":"IF(N166=\"zákl. prenesená\",J166,0)","v":{"v":0,"d":"0.00"}},{"$f":"IF(N166=\"zníž. prenesená\",J166,0)","v":{"v":0,"d":"0.00"}},{"$f":"IF(N166=\"nulová\",J166,0)","v":{"v":0,"d":"0.00"}},"2",{"$f":"ROUND(I166*H166,3)","v":{"v":0,"d":"0.000"}},"16","-1862846530"]
[{"$nulls":3},"VV","","(4,61*2+6,351*2+11,9*2+1,53*2+3,425+3,915+3,3+3,45+19,5)*0,8",null,65.898,{"$nulls":37},"VV","2","2","True","0","ROZPOCET"]
[{"$nulls":3},"VV","","Súčet",null,65.898,{"$nulls":37},"VV","2","4","True","1","ROZPOCET"]
[null,null,"25","K","998762202","Presun hmôt pre konštrukcie tesárske v objektoch výšky do 12 m","%",31.524,{"$nulls":4},"","znížená",{"v":0,"d":"0.00000"},{"$f":"O169*H169","v":{"v":0,"d":"0.00000"}},{"v":0,"d":"0.00000"},{"$f":"Q169*H169","v":{"v":0,"d":"0.00000"}},{"v":0,"d":"0.00000"},{"$f":"S169*H169","v":{"v":0,"d":"0.00000"}},{"$nulls":23},"16",null,"K","2",{"$nulls":3},"ROZPOCET",{"$nulls":5},{"$f":"IF(N169=\"základná\",J169,0)","v":{"v":0,"d":"0.00"}},{"$f":"IF(N169=\"znížená\",J169,0)","v":{"v":0,"d":"0.00"}},{"$f":"IF(N169=\"zákl. prenesená\",J169,0)","v":{"v":0,"d":"0.00"}},{"$f":"IF(N169=\"zníž. prenesená\",J169,0)","v":{"v":0,"d":"0.00"}},{"$f":"IF(N169=\"nulová\",J169,0)","v":{"v":0,"d":"0.00"}},"2",{"$f":"ROUND(I169*H169,3)","v":{"v":0,"d":"0.000"}},"16","1063392498"]
[{"$nulls":3},"D","764","Konštrukcie klampiarske",{"$nulls":9},{"$f":"SUM(P171:P188)","v":{"v":243.5210452,"d":"243.52105"}},null,{"$f":"SUM(R171:R188)","v":{"v":0.8493126999999999,"d":"0.84931"}},null,{"$f":"SUM(T171:T188)","v":{"v":0,"d":"0.00000"}},{"$nulls":23},"2",null,"D","1",{"$nulls":3},"ROZPOCET",{"$nulls":11},{"$f":"SUM(BK171:BK188)","v":{"v":0,"d":"0.000"}}]
[null,null,"26","K","764171800","Krytina LINDAB Goodlock sklon strechy do 30°","m2",{"v":256,"d":"256.000"},{"$nulls":4},"","znížená",{"v":0.601,"d":"0.60100"},{"$f":"O171*H171","v":{"v":153.856,"d":"153.85600"}},0.00219,{"$f":"Q171*H171","v":0.56064},{"v":0,"d":"0.00000"},{"$f":"S171*H171","v":{"v":0,"d":"0.00000"}},{"$nulls":23},"16",null,"K","2",{"$nulls":3},"ROZPOCET",{"$nulls":5},{"$f":"IF(N171=\"základná\",J171,0)","v":{"v":0,"d":"0.00"}},{"$f":"IF(N171=\"znížená\",J171,0)","v":{"v":0,"d":"0.00"}},{"$f":"IF(N171=\"zákl. prenesená\",J171,0)","v":{"v":0,"d":"0.00"}},{"$f":"IF(N171=\"zníž. prenesená\",J171,0)","v":{"v":0,"d":"0.00"}},{"$f":"IF(N171=\"nulová\",J171,0)","v":{"v":0,"d":"0.00"}},"2",{"$f":"ROUND(I171*H171,3)","v":{"v":0,"d":"0.000"}},"16","-1141152878"]
[{"$nulls":3},"VV","","151+105",null,{"v":256,"d":"256.000"},{"$nulls":37},"VV","2","2","True","1","ROZPOCET"]
[null,null,"27","K","764171839","Krytina LINDAB Roca -  hrebenáčov s vetracím pásom, sklon strechy do 30°","m",{"v":42.7,"d":"42.700"},{"$nulls":4},"","znížená",{"v":0.18,"d":"0.18000"},{"$f":"O173*H173","v":{"v":7.686,"d":"7.68600"}},0.00053,{"$f":"Q173*H173","v":{"v":0.022631000000000002,"d":"0.02263"}},{"v":0,"d":"0.00000"},{"$f":"S173*H173","v":{"v":0,"d":"0.00000"}},{"$nulls":23},"16",null,"K","2",{"$nulls":3},"ROZPOCET",{"$nulls":5},{"$f":"IF(N173=\"základná\",J173,0)","v":{"v":0,"d":"0.00"}},{"$f":"IF(N173=\"znížená\",J173,0)","v":{"v":0,"d":"0.00"}},{"$f":"IF(N173=\"zákl. prenesená\",J173,0)","v":{"v":0,"d":"0.00"}},{"$f":"IF(N173=\"zníž. prenesená\",J173,0)","v":{"v":0,"d":"0.00"}},{"$f":"IF(N173=\"nulová\",J173,0)","v":{"v":0,"d":"0.00"}},"2",{"$f":"ROUND(I173*H173,3)","v":{"v":0,"d":"0.000"}},"16","1275859154"]
[{"$nulls":3},"VV","","12,7+2,5*2+5,5*2+14",null,{"v":42.7,"d":"42.700"},{"$nulls":37},"VV","2","2","True","1","ROZPOCET"]
[null,null,"28","K","764171846","Krytina LINDAB Roca - odkvapové lemovanie, sklon strechy od 30° do 45°","m",{"v":62.15,"d":"62.150"},{"$nulls":4},"","znížená",{"v":0.12,"d":"0.12000"},{"$f":"O175*H175","v":{"v":7.457999999999999,"d":"7.45800"}},{"v":1.42E-3,"d":"0.00142"},{"$f":"Q175*H175","v":{"v":0.088253,"d":"0.08825"}},{"v":0,"d":"0.00000"},{"$f":"S175*H175","v":{"v":0,"d":"0.00000"}},{"$nulls":23},"16",null,"K","2",{"$nulls":3},"ROZPOCET",{"$nulls":5},{"$f":"IF(N175=\"základná\",J175,0)","v":{"v":0,"d":"0.00"}},{"$f":"IF(N175=\"znížená\",J175,0)","v":{"v":0,"d":"0.00"}},{"$f":"IF(N175=\"zákl. prenesená\",J175,0)","v":{"v":0,"d":"0.00"}},{"$f":"IF(N175=\"zníž. prenesená\",J175,0)","v":{"v":0,"d":"0.00"}},{"$f":"IF(N175=\"nulová\",J175,0)","v":{"v":0,"d":"0.00"}},"2",{"$f":"ROUND(I175*H175,3)","v":{"v":0,"d":"0.000"}},"16","35118933"]
[{"$nulls":3},"VV","","12,7*2+1,74*2+3,435*2+3,45*2+19,5",null,{"v":62.15,"d":"62.150"},{"$nulls":37},"VV","2","2","True","1","ROZPOCET"]
[null,null,"29","K","764171848","Krytina LINDAB Roca - štítové lemovanie, sklon strechy do 30°","m",{"v":23.7,"d":"23.700"},{"$nulls":4},"","znížená",{"v":0.1,"d":"0.10000"},{"$f":"O177*H177","v":{"v":2.37,"d":"2.37000"}},{"v":1.42E-3,"d":"0.00142"},{"$f":"Q177*H177","v":{"v":0.033654,"d":"0.03365"}},{"v":0,"d":"0.00000"},{"$f":"S177*H177","v":{"v":0,"d":"0.00000"}},{"$nulls":23},"16",null,"K","2",{"$nulls":3},"ROZPOCET",{"$nulls":5},{"$f":"IF(N177=\"základná\",J177,0)","v":{"v":0,"d":"0.00"}},{"$f":"IF(N177=\"znížená\",J177,0)","v":{"v":0,"d":"0.00"}},{"$f":"IF(N177=\"zákl. prenesená\",J177,0)","v":{"v":0,"d":"0.00"}},{"$f":"IF(N177=\"zníž. prenesená\",J177,0)","v":{"v":0,"d":"0.00"}},{"$f":"IF(N177=\"nulová\",J177,0)","v":{"v":0,"d":"0.00"}},"2",{"$f":"ROUND(I177*H177,3)","v":{"v":0,"d":"0.000"}},"16","-407076290"]
[{"$nulls":3},"VV","","10+6,85*2",null,{"v":23.7,"d":"23.700"},{"$nulls":37},"VV","2","2","True","1","ROZPOCET"]
[null,null,"30","K","764711114","Oplechovanie parapetov z plechu LINDAB r.š. 250 mm","m",{"v":6.6,"d":"6.600"},{"$nulls":4},"","znížená",0.46057,{"$f":"O179*H179","v":{"v":3.0397619999999996,"d":"3.03976"}},0.00271,{"$f":"Q179*H179","v":{"v":0.017886,"d":"0.01789"}},{"v":0,"d":"0.00000"},{"$f":"S179*H179","v":{"v":0,"d":"0.00000"}},{"$nulls":23},"16",null,"K","2",{"$nulls":3},"ROZPOCET",{"$nulls":5},{"$f":"IF(N179=\"základná\",J179,0)","v":{"v":0,"d":"0.00"}},{"$f":"IF(N179=\"znížená\",J179,0)","v":{"v":0,"d":"0.00"}},{"$f":"IF(N179=\"zákl. prenesená\",J179,0)","v":{"v":0,"d":"0.00"}},{"$f":"IF(N179=\"zníž. prenesená\",J179,0)","v":{"v":0,"d":"0.00"}},{"$f":"IF(N179=\"nulová\",J179,0)","v":{"v":0,"d":"0.00"}},"2",{"$f":"ROUND(I179*H179,3)","v":{"v":0,"d":"0.000"}},"16","-1158305664"]
[{"$nulls":3},"VV","","11*0,6",null,{"v":6.6,"d":"6.600"},{"$nulls":37},"VV","2","2","True","1","ROZPOCET"]
[null,null,"31","K","764753001","Odpadová rúra kruhová D 100 mm Lindab Standard","m",{"v":16.72,"d":"16.720"},{"$nulls":4},"","znížená",0.65956,{"$f":"O181*H181","v":{"v":11.0278432,"d":"11.02784"}},0.00206,{"$f":"Q181*H181","v":{"v":0.0344432,"d":"0.03444"}},{"v":0,"d":"0.00000"},{"$f":"S181*H181","v":{"v":0,"d":"0.00000"}},{"$nulls":23},"16",null,"K","2",{"$nulls":3},"ROZPOCET",{"$nulls":5},{"$f":"IF(N181=\"základná\",J181,0)","v":{"v":0,"d":"0.00"}},{"$f":"IF(N181=\"znížená\",J181,0)","v":{"v":0,"d":"0.00"}},{"$f":"IF(N181=\"zákl. prenesená\",J181,0)","v":{"v":0,"d":"0.00"}},{"$f":"IF(N181=\"zníž. prenesená\",J181,0)","v":{"v":0,"d":"0.00"}},{"$f":"IF(N181=\"nulová\",J181,0)","v":{"v":0,"d":"0.00"}},"2",{"$f":"ROUND(I181*H181,3)","v":{"v":0,"d":"0.000"}},"16","-1839590183"]
[{"$nulls":3},"VV","","4,000*4,18",null,{"v":16.72,"d":"16.720"},{"$nulls":37},"VV","2","2","True","1","ROZPOCET"]
[null,null,"32","K","764753005","Spodný diel odpadovej rúry D 100 mm Lindab Standard","ks",{"v":4,"d":"4.000"},{"$nulls":4},"","znížená",0.14174,{"$f":"O183*H183","v":0.56696},0.00077,{"$f":"Q183*H183","v":0.00308},{"v":0,"d":"0.00000"},{"$f":"S183*H183","v":{"v":0,"d":"0.00000"}},{"$nulls":23},"16",null,"K","2",{"$nulls":3},"ROZPOCET",{"$nulls":5},{"$f":"IF(N183=\"základná\",J183,0)","v":{"v":0,"d":"0.00"}},{"$f":"IF(N183=\"znížená\",J183,0)","v":{"v":0,"d":"0.00"}},{"$f":"IF(N183=\"zákl. prenesená\",J183,0)","v":{"v":0,"d":"0.00"}},{"$f":"IF(N183=\"zníž. prenesená\",J183,0)","v":{"v":0,"d":"0.00"}},{"$f":"IF(N183=\"nulová\",J183,0)","v":{"v":0,"d":"0.00"}},"2",{"$f":"ROUND(I183*H183,3)","v":{"v":0,"d":"0.000"}},"16","2017165720"]
[null,null,"33","K","764753016","Výtokové koleno potrubia D 100 mm Lindab Standard","ks",{"v":6,"d":"6.000"},{"$nulls":4},"","znížená",0.14088,{"$f":"O184*H184","v":0.84528},0.00039,{"$f":"Q184*H184","v":0.00234},{"v":0,"d":"0.00000"},{"$f":"S184*H184","v":{"v":0,"d":"0.00000"}},{"$nulls":23},"16",null,"K","2",{"$nulls":3},"ROZPOCET",{"$nulls":5},{"$f":"IF(N184=\"základná\",J184,0)","v":{"v":0,"d":"0.00"}},{"$f":"IF(N184=\"znížená\",J184,0)","v":{"v":0,"d":"0.00"}},{"$f":"IF(N184=\"zákl. prenesená\",J184,0)","v":{"v":0,"d":"0.00"}},{"$f":"IF(N184=\"zníž. prenesená\",J184,0)","v":{"v":0,"d":"0.00"}},{"$f":"IF(N184=\"nulová\",J184,0)","v":{"v":0,"d":"0.00"}},"2",{"$f":"ROUND(I184*H184,3)","v":{"v":0,"d":"0.000"}},"16","1257439540"]
[null,null,"34","K","764761121","Žľab pododkvapový polkruhový R 125 mm, vrátane čela, hákov, rohov, kútov Lindab","m",{"v":62.15,"d":"62.150"},{"$nulls":4},"","znížená",{"v":0.892,"d":"0.89200"},{"$f":"O185*H185","v":{"v":55.4378,"d":"55.43780"}},0.00137,{"$f":"Q185*H185","v":{"v":0.0851455,"d":"0.08515"}},{"v":0,"d":"0.00000"},{"$f":"S185*H185","v":{"v":0,"d":"0.00000"}},{"$nulls":23},"16",null,"K","2",{"$nulls":3},"ROZPOCET",{"$nulls":5},{"$f":"IF(N185=\"základná\",J185,0)","v":{"v":0,"d":"0.00"}},{"$f":"IF(N185=\"znížená\",J185,0)","v":{"v":0,"d":"0.00"}},{"$f":"IF(N185=\"zákl. prenesená\",J185,0)","v":{"v":0,"d":"0.00"}},{"$f":"IF(N185=\"zníž. prenesená\",J185,0)","v":{"v":0,"d":"0.00"}},{"$f":"IF(N185=\"nulová\",J185,0)","v":{"v":0,"d":"0.00"}},"2",{"$f":"ROUND(I185*H185,3)","v":{"v":0,"d":"0.000"}},"16","-1657819890"]
[{"$nulls":3},"VV","","62,15",null,{"v":62.15,"d":"62.150"},{"$nulls":37},"VV","2","2","True","1","ROZPOCET"]
[null,null,"35","K","764761231","Žľabový kotlík k polkruhovým žľabom D 125 mm Lindab Rainline Elite","ks",{"v":4,"d":"4.000"},{"$nulls":4},"","znížená",0.30835,{"$f":"O187*H187","v":{"v":1.2334,"d":"1.23340"}},{"v":3.1E-4,"d":"0.00031"},{"$f":"Q187*H187","v":{"v":1.24E-3,"d":"0.00124"}},{"v":0,"d":"0.00000"},{"$f":"S187*H187","v":{"v":0,"d":"0.00000"}},{"$nulls":23},"16",null,"K","2",{"$nulls":3},"ROZPOCET",{"$nulls":5},{"$f":"IF(N187=\"základná\",J187,0)","v":{"v":0,"d":"0.00"}},{"$f":"IF(N187=\"znížená\",J187,0)","v":{"v":0,"d":"0.00"}},{"$f":"IF(N187=\"zákl. prenesená\",J187,0)","v":{"v":0,"d":"0.00"}},{"$f":"IF(N187=\"zníž. prenesená\",J187,0)","v":{"v":0,"d":"0.00"}},{"$f":"IF(N187=\"nulová\",J187,0)","v":{"v":0,"d":"0.00"}},"2",{"$f":"ROUND(I187*H187,3)","v":{"v":0,"d":"0.000"}},"16","458506219"]
[null,null,"36","K","998764201","Presun hmôt pre konštrukcie klampiarske v objektoch výšky do 6 m","%",120.244,{"$nulls":4},"","znížená",{"v":0,"d":"0.00000"},{"$f":"O188*H188","v":{"v":0,"d":"0.00000"}},{"v":0,"d":"0.00000"},{"$f":"Q188*H188","v":{"v":0,"d":"0.00000"}},{"v":0,"d":"0.00000"},{"$f":"S188*H188","v":{"v":0,"d":"0.00000"}},{"$nulls":23},"16",null,"K","2",{"$nulls":3},"ROZPOCET",{"$nulls":5},{"$f":"IF(N188=\"základná\",J188,0)","v":{"v":0,"d":"0.00"}},{"$f":"IF(N188=\"znížená\",J188,0)","v":{"v":0,"d":"0.00"}},{"$f":"IF(N188=\"zákl. prenesená\",J188,0)","v":{"v":0,"d":"0.00"}},{"$f":"IF(N188=\"zníž. prenesená\",J188,0)","v":{"v":0,"d":"0.00"}},{"$f":"IF(N188=\"nulová\",J188,0)","v":{"v":0,"d":"0.00"}},"2",{"$f":"ROUND(I188*H188,3)","v":{"v":0,"d":"0.000"}},"16","1411584336"]
[{"$nulls":3},"D","765","Konštrukcie - krytiny tvrdé",{"$nulls":9},{"$f":"SUM(P190:P195)","v":90.89792},null,{"$f":"SUM(R190:R195)","v":{"v":0.051199999999999996,"d":"0.05120"}},null,{"$f":"SUM(T190:T195)","v":{"v":3.072,"d":"3.07200"}},{"$nulls":23},"2",null,"D","1",{"$nulls":3},"ROZPOCET",{"$nulls":11},{"$f":"SUM(BK190:BK195)","v":{"v":0,"d":"0.000"}}]
[null,null,"37","K","765361806","Demontáž krytiny z asfaltových šindľov, do sutiny, sklon strechy nad 45°, -0,012t","m2",{"v":256,"d":"256.000"},{"$nulls":4},"","znížená",{"v":0.251,"d":"0.25100"},{"$f":"O190*H190","v":{"v":64.256,"d":"64.25600"}},{"v":0,"d":"0.00000"},{"$f":"Q190*H190","v":{"v":0,"d":"0.00000"}},{"v":0.012,"d":"0.01200"},{"$f":"S190*H190","v":{"v":3.072,"d":"3.07200"}},{"$nulls":23},"16",null,"K","2",{"$nulls":3},"ROZPOCET",{"$nulls":5},{"$f":"IF(N190=\"základná\",J190,0)","v":{"v":0,"d":"0.00"}},{"$f":"IF(N190=\"znížená\",J190,0)","v":{"v":0,"d":"0.00"}},{"$f":"IF(N190=\"zákl. prenesená\",J190,0)","v":{"v":0,"d":"0.00"}},{"$f":"IF(N190=\"zníž. prenesená\",J190,0)","v":{"v":0,"d":"0.00"}},{"$f":"IF(N190=\"nulová\",J190,0)","v":{"v":0,"d":"0.00"}},"2",{"$f":"ROUND(I190*H190,3)","v":{"v":0,"d":"0.000"}},"16","-1679385376"]
[{"$nulls":3},"VV","","151+105",null,{"v":256,"d":"256.000"},{"$nulls":37},"VV","2","2","True","1","ROZPOCET"]
[null,null,"38","K","765901082","Montáž strešnej fólie od 22° do 35°, na krokvy","m2",{"v":256,"d":"256.000"},{"$nulls":4},"","znížená",0.10407,{"$f":"O192*H192","v":26.64192},{"v":5e-05,"d":"0.00005"},{"$f":"Q192*H192","v":{"v":0.0128,"d":"0.01280"}},{"v":0,"d":"0.00000"},{"$f":"S192*H192","v":{"v":0,"d":"0.00000"}},{"$nulls":23},"16",null,"K","2",{"$nulls":3},"ROZPOCET",{"$nulls":5},{"$f":"IF(N192=\"základná\",J192,0)","v":{"v":0,"d":"0.00"}},{"$f":"IF(N192=\"znížená\",J192,0)","v":{"v":0,"d":"0.00"}},{"$f":"IF(N192=\"zákl. prenesená\",J192,0)","v":{"v":0,"d":"0.00"}},{"$f":"IF(N192=\"zníž. prenesená\",J192,0)","v":{"v":0,"d":"0.00"}},{"$f":"IF(N192=\"nulová\",J192,0)","v":{"v":0,"d":"0.00"}},"2",{"$f":"ROUND(I192*H192,3)","v":{"v":0,"d":"0.000"}},"16","716994450"]
[{"$nulls":3},"VV","","151+105",null,{"v":256,"d":"256.000"},{"$nulls":37},"VV","2","2","True","1","ROZPOCET"]
[null,null,"39","M","283230004900","Podstrešná fólia JUTAFOL DTB 150, šxl 1,5x50 m, hr. 0,3 mm, plošná hmotnosť 150 g/m2, pre šikmé strechy","m2",{"v":256,"d":"256.000"},{"$nulls":4},"","znížená",{"v":0,"d":"0.00000"},{"$f":"O194*H194","v":{"v":0,"d":"0.00000"}},0.00015,{"$f":"Q194*H194","v":{"v":0.0384,"d":"0.03840"}},{"v":0,"d":"0.00000"},{"$f":"S194*H194","v":{"v":0,"d":"0.00000"}},{"$nulls":23},"32",null,"M","2",{"$nulls":3},"ROZPOCET",{"$nulls":5},{"$f":"IF(N194=\"základná\",J194,0)","v":{"v":0,"d":"0.00"}},{"$f":"IF(N194=\"znížená\",J194,0)","v":{"v":0,"d":"0.00"}},{"$f":"IF(N194=\"zákl. prenesená\",J194,0)","v":{"v":0,"d":"0.00"}},{"$f":"IF(N194=\"zníž. prenesená\",J194,0)","v":{"v":0,"d":"0.00"}},{"$f":"IF(N194=\"nulová\",J194,0)","v":{"v":0,"d":"0.00"}},"2",{"$f":"ROUND(I194*H194,3)","v":{"v":0,"d":"0.000"}},"16","810388934"]
[null,null,"40","K","998765201","Presun hmôt pre tvrdé krytiny v objektoch výšky do 6 m","%",17.449,{"$nulls":4},"","znížená",{"v":0,"d":"0.00000"},{"$f":"O195*H195","v":{"v":0,"d":"0.00000"}},{"v":0,"d":"0.00000"},{"$f":"Q195*H195","v":{"v":0,"d":"0.00000"}},{"v":0,"d":"0.00000"},{"$f":"S195*H195","v":{"v":0,"d":"0.00000"}},{"$nulls":23},"16",null,"K","2",{"$nulls":3},"ROZPOCET",{"$nulls":5},{"$f":"IF(N195=\"základná\",J195,0)","v":{"v":0,"d":"0.00"}},{"$f":"IF(N195=\"znížená\",J195,0)","v":{"v":0,"d":"0.00"}},{"$f":"IF(N195=\"zákl. prenesená\",J195,0)","v":{"v":0,"d":"0.00"}},{"$f":"IF(N195=\"zníž. prenesená\",J195,0)","v":{"v":0,"d":"0.00"}},{"$f":"IF(N195=\"nulová\",J195,0)","v":{"v":0,"d":"0.00"}},"2",{"$f":"ROUND(I195*H195,3)","v":{"v":0,"d":"0.000"}},"16","1483102149"]
[{"$nulls":3},"D","766","Konštrukcie stolárske",{"$nulls":9},{"$f":"SUM(P197:P205)","v":{"v":23.589783,"d":"23.58978"}},null,{"$f":"SUM(R197:R205)","v":{"v":0.667068,"d":"0.66707"}},null,{"$f":"SUM(T197:T205)","v":{"v":0,"d":"0.00000"}},{"$nulls":23},"2",null,"D","1",{"$nulls":3},"ROZPOCET",{"$nulls":11},{"$f":"SUM(BK197:BK205)","v":{"v":0,"d":"0.000"}}]
[null,null,"41","K","766621081","Montáž okna plastového na PUR penu","m",{"v":60.8,"d":"60.800"},{"$nulls":4},"","znížená",0.36459,{"$f":"O197*H197","v":{"v":22.167072,"d":"22.16707"}},0.00018,{"$f":"Q197*H197","v":{"v":0.010944,"d":"0.01094"}},{"v":0,"d":"0.00000"},{"$f":"S197*H197","v":{"v":0,"d":"0.00000"}},{"$nulls":23},"16",null,"K","2",{"$nulls":3},"ROZPOCET",{"$nulls":5},{"$f":"IF(N197=\"základná\",J197,0)","v":{"v":0,"d":"0.00"}},{"$f":"IF(N197=\"znížená\",J197,0)","v":{"v":0,"d":"0.00"}},{"$f":"IF(N197=\"zákl. prenesená\",J197,0)","v":{"v":0,"d":"0.00"}},{"$f":"IF(N197=\"zníž. prenesená\",J197,0)","v":{"v":0,"d":"0.00"}},{"$f":"IF(N197=\"nulová\",J197,0)","v":{"v":0,"d":"0.00"}},"2",{"$f":"ROUND(I197*H197,3)","v":{"v":0,"d":"0.000"}},"16","-222116154"]
[{"$nulls":3},"VV","","1,2*5+4*5+1,2*2+1,8*2+2,4*3+3,7*2+4,4+4,9*2",null,{"v":60.8,"d":"60.800"},{"$nulls":37},"VV","2","2","True","1","ROZPOCET"]
[null,null,"42","M","611410005300","Plastové okno jednokrídlové OS, vxš 600x600 mm, izolačné trojsklo, systém GEALAN 9000, 6 komorový profil","ks",{"v":4,"d":"4.000"},{"$nulls":4},"","znížená",{"v":0,"d":"0.00000"},{"$f":"O199*H199","v":{"v":0,"d":"0.00000"}},{"v":0.024,"d":"0.02400"},{"$f":"Q199*H199","v":{"v":0.096,"d":"0.09600"}},{"v":0,"d":"0.00000"},{"$f":"S199*H199","v":{"v":0,"d":"0.00000"}},{"$nulls":23},"32",null,"M","2",{"$nulls":3},"ROZPOCET",{"$nulls":5},{"$f":"IF(N199=\"základná\",J199,0)","v":{"v":0,"d":"0.00"}},{"$f":"IF(N199=\"znížená\",J199,0)","v":{"v":0,"d":"0.00"}},{"$f":"IF(N199=\"zákl. prenesená\",J199,0)","v":{"v":0,"d":"0.00"}},{"$f":"IF(N199=\"zníž. prenesená\",J199,0)","v":{"v":0,"d":"0.00"}},{"$f":"IF(N199=\"nulová\",J199,0)","v":{"v":0,"d":"0.00"}},"2",{"$f":"ROUND(I199*H199,3)","v":{"v":0,"d":"0.000"}},"16","1478311012"]
[null,null,"43","M","611410006200","Plastové okno jednokrídlové OS, vxš 900x600 mm, izolačné trojsklo, systém GEALAN 9000, 6 komorový profil","ks",{"v":2,"d":"2.000"},{"$nulls":4},"","znížená",{"v":0,"d":"0.00000"},{"$f":"O200*H200","v":{"v":0,"d":"0.00000"}},{"v":0.037,"d":"0.03700"},{"$f":"Q200*H200","v":{"v":0.074,"d":"0.07400"}},{"v":0,"d":"0.00000"},{"$f":"S200*H200","v":{"v":0,"d":"0.00000"}},{"$nulls":23},"32",null,"M","2",{"$nulls":3},"ROZPOCET",{"$nulls":5},{"$f":"IF(N200=\"základná\",J200,0)","v":{"v":0,"d":"0.00"}},{"$f":"IF(N200=\"znížená\",J200,0)","v":{"v":0,"d":"0.00"}},{"$f":"IF(N200=\"zákl. prenesená\",J200,0)","v":{"v":0,"d":"0.00"}},{"$f":"IF(N200=\"zníž. prenesená\",J200,0)","v":{"v":0,"d":"0.00"}},{"$f":"IF(N200=\"nulová\",J200,0)","v":{"v":0,"d":"0.00"}},"2",{"$f":"ROUND(I200*H200,3)","v":{"v":0,"d":"0.000"}},"16","-575083690"]
[null,null,"44","M","553410034300","Dvere plast hliníkové , FIX + OTV, vxš 2200x3700 mm, izolačné dvojsklo, systém 4600","ks",{"v":1,"d":"1.000"},{"$nulls":4},"","znížená",{"v":0,"d":"0.00000"},{"$f":"O201*H201","v":{"v":0,"d":"0.00000"}},{"v":0.3892,"d":"0.38920"},{"$f":"Q201*H201","v":{"v":0.3892,"d":"0.38920"}},{"v":0,"d":"0.00000"},{"$f":"S201*H201","v":{"v":0,"d":"0.00000"}},{"$nulls":23},"32",null,"M","2",{"$nulls":3},"ROZPOCET",{"$nulls":5},{"$f":"IF(N201=\"základná\",J201,0)","v":{"v":0,"d":"0.00"}},{"$f":"IF(N201=\"znížená\",J201,0)","v":{"v":0,"d":"0.00"}},{"$f":"IF(N201=\"zákl. prenesená\",J201,0)","v":{"v":0,"d":"0.00"}},{"$f":"IF(N201=\"zníž. prenesená\",J201,0)","v":{"v":0,"d":"0.00"}},{"$f":"IF(N201=\"nulová\",J201,0)","v":{"v":0,"d":"0.00"}},"2",{"$f":"ROUND(I201*H201,3)","v":{"v":0,"d":"0.000"}},"16","-703635109"]
[null,null,"45","M","611420000100","Vstupné  dvere plastové otváravé, vxš 2000x800 mm, SALAMANDER","ks",{"v":2,"d":"2.000"},{"$nulls":4},"","znížená",{"v":0,"d":"0.00000"},{"$f":"O202*H202","v":{"v":0,"d":"0.00000"}},0.04602,{"$f":"Q202*H202","v":0.09204},{"v":0,"d":"0.00000"},{"$f":"S202*H202","v":{"v":0,"d":"0.00000"}},{"$nulls":23},"32",null,"M","2",{"$nulls":3},"ROZPOCET",{"$nulls":5},{"$f":"IF(N202=\"základná\",J202,0)","v":{"v":0,"d":"0.00"}},{"$f":"IF(N202=\"znížená\",J202,0)","v":{"v":0,"d":"0.00"}},{"$f":"IF(N202=\"zákl. prenesená\",J202,0)","v":{"v":0,"d":"0.00"}},{"$f":"IF(N202=\"zníž. prenesená\",J202,0)","v":{"v":0,"d":"0.00"}},{"$f":"IF(N202=\"nulová\",J202,0)","v":{"v":0,"d":"0.00"}},"2",{"$f":"ROUND(I202*H202,3)","v":{"v":0,"d":"0.000"}},"16","303465485"]
[null,null,"46","M","611560000100","Parapetná doska plastová, šírka 150 mm, komôrková vnútorná, zlatý dub, mramor, mahagon, svetlý buk, orech, WINK TRADE","m",{"v":6.6,"d":"6.600"},{"$nulls":4},"","znížená",{"v":0,"d":"0.00000"},{"$f":"O203*H203","v":{"v":0,"d":"0.00000"}},0.00074,{"$f":"Q203*H203","v":{"v":4.8839999999999995E-3,"d":"0.00488"}},{"v":0,"d":"0.00000"},{"$f":"S203*H203","v":{"v":0,"d":"0.00000"}},{"$nulls":23},"32",null,"M","2",{"$nulls":3},"ROZPOCET",{"$nulls":5},{"$f":"IF(N203=\"základná\",J203,0)","v":{"v":0,"d":"0.00"}},{"$f":"IF(N203=\"znížená\",J203,0)","v":{"v":0,"d":"0.00"}},{"$f":"IF(N203=\"zákl. prenesená\",J203,0)","v":{"v":0,"d":"0.00"}},{"$f":"IF(N203=\"zníž. prenesená\",J203,0)","v":{"v":0,"d":"0.00"}},{"$f":"IF(N203=\"nulová\",J203,0)","v":{"v":0,"d":"0.00"}},"2",{"$f":"ROUND(I203*H203,3)","v":{"v":0,"d":"0.000"}},"16","-1011286991"]
[{"$nulls":3},"VV","","0,6*11",null,{"v":6.6,"d":"6.600"},{"$nulls":37},"VV","2","2","True","1","ROZPOCET"]
[null,null,"47","K","998766101","Presun hmot pre konštrukcie stolárske v objektoch výšky do 6 m","t",0.667,{"$nulls":4},"","znížená",{"v":2.133,"d":"2.13300"},{"$f":"O205*H205","v":{"v":1.422711,"d":"1.42271"}},{"v":0,"d":"0.00000"},{"$f":"Q205*H205","v":{"v":0,"d":"0.00000"}},{"v":0,"d":"0.00000"},{"$f":"S205*H205","v":{"v":0,"d":"0.00000"}},{"$nulls":23},"16",null,"K","2",{"$nulls":3},"ROZPOCET",{"$nulls":5},{"$f":"IF(N205=\"základná\",J205,0)","v":{"v":0,"d":"0.00"}},{"$f":"IF(N205=\"znížená\",J205,0)","v":{"v":0,"d":"0.00"}},{"$f":"IF(N205=\"zákl. prenesená\",J205,0)","v":{"v":0,"d":"0.00"}},{"$f":"IF(N205=\"zníž. prenesená\",J205,0)","v":{"v":0,"d":"0.00"}},{"$f":"IF(N205=\"nulová\",J205,0)","v":{"v":0,"d":"0.00"}},"2",{"$f":"ROUND(I205*H205,3)","v":{"v":0,"d":"0.000"}},"16","614821627"]
[{"$nulls":3},"D","784","Maľby",{"$nulls":9},{"$f":"SUM(P207:P210)","v":{"v":24.9777993,"d":"24.97780"}},null,{"$f":"SUM(R207:R210)","v":{"v":0.08970990000000001,"d":"0.08971"}},null,{"$f":"SUM(T207:T210)","v":{"v":0,"d":"0.00000"}},{"$nulls":23},"2",null,"D","1",{"$nulls":3},"ROZPOCET",{"$nulls":11},{"$f":"SUM(BK207:BK210)","v":{"v":0,"d":"0.000"}}]
[null,null,"48","K","784100042","Maľby akrylátové dvojnásobné strojne nanášané, tónované na schodisku na jemnozrnný podklad výšky nad 3,80 m","m2",256.314,{"$nulls":4},"","znížená",0.09745,{"$f":"O207*H207","v":{"v":24.9777993,"d":"24.97780"}},{"v":3.5E-4,"d":"0.00035"},{"$f":"Q207*H207","v":{"v":0.08970990000000001,"d":"0.08971"}},{"v":0,"d":"0.00000"},{"$f":"S207*H207","v":{"v":0,"d":"0.00000"}},{"$nulls":23},"16",null,"K","2",{"$nulls":3},"ROZPOCET",{"$nulls":5},{"$f":"IF(N207=\"základná\",J207,0)","v":{"v":0,"d":"0.00"}},{"$f":"IF(N207=\"znížená\",J207,0)","v":{"v":0,"d":"0.00"}},{"$f":"IF(N207=\"zákl. prenesená\",J207,0)","v":{"v":0,"d":"0.00"}},{"$f":"IF(N207=\"zníž. prenesená\",J207,0)","v":{"v":0,"d":"0.00"}},{"$f":"IF(N207=\"nulová\",J207,0)","v":{"v":0,"d":"0.00"}},"2",{"$f":"ROUND(I207*H207,3)","v":{"v":0,"d":"0.000"}},"16","-1816917945"]
[{"$nulls":3},"VV","","6,1*2*4,8+11,1*4,18*2",null,151.356,{"$nulls":37},"VV","2","2","True","0","ROZPOCET"]
[{"$nulls":3},"VV","","6,1*2*4,8+11,1*4,18",null,104.958,{"$nulls":37},"VV","2","2","True","0","ROZPOCET"]
[{"$nulls":3},"VV","","Súčet",null,{"v":256.31399999999996,"d":"256.314"},{"$nulls":37},"VV","2","4","True","1","ROZPOCET"]